Statistics for Carly Pearce Charting Songs (Billboard Hot 100)

Click here to take the quiz!

General Stats

  • This quiz has been taken 22 times
    (2 since last reset)
  • The average score is 3 of 6

Answer Stats

AlbumWeeks OnPeakArtist(s)Song% Correct
Every Little Thing17 Weeks#50Carly PearceEvery Little Thing
100%
29: Written in Stone17 Weeks#37Carly PearceWhat He Didn't Do
100%
Carly Pearce25 Weeks#27Carly Pearce & Lee BriceI Hope You're Happy Now
50%
29: Written In Stone20 Weeks#63Carly Pearce & Ashley McBrydeNever Wanted to Be That Girl
50%
29: Written In Stone4 Weeks#86Carly PearceNext Girl
0%
Non-Album Single11 Weeks#67Carly Pearce ft. Chris StapletonWe Don't Fight Anymore
0%

Score Distribution

Percentile by Number Answered

Percent of People with Each Score

Your Score History

You have not taken this quiz since the last reset